000 00582nam a2200205Ia 4500
005 20250923145902.0
008 008 250917s9999 xx 000 0 eng d
037 _aTextual
040 _aDSWL
_beng
_cDSWL
041 _aeng
_2eng
084 _aZ(Q2):95993, N90
_qDSWL
100 _aSharma, Preeti
_9839922
245 0 _aHindu women's right to maintenance
_c by Preeti Sharma
260 _aNew Delhi
_bDeep & Deep
_c1990
300 _avi,292p.
365 _aINR
_b275.00
925 _g275.00
942 _cTEXL
_hZ(Q2):95993, N90
999 _c1456915
_d1456915